| 000 | 00480nam a2200169Ia 4500 | ||
|---|---|---|---|
| 999 |
_c35204 _d35204 |
||
| 003 | OSt | ||
| 005 | 20201218121522.0 | ||
| 008 | 190216s9999||||xx |||||||||||||| ||und|| | ||
| 040 | _coclc | ||
| 082 |
_a603 _bTWE/C |
||
| 100 |
_aTweney, C F _97676 |
||
| 245 | 0 |
_aChambers Technical Dictionary / _cC F Tweney |
|
| 260 |
_bW&R Chambers Ltd, _c1968. _aLondon: |
||
| 300 | _a1028p | ||
| 650 | _aTechnical Dictionary | ||
| 942 |
_cREF _2ddc _h603 _iTWE/C _k603 _mTWE/C |
||